000 00301nam a22001097a 4500
020 _a9788174821515
082 _a658
_bJAI/UP
100 _aJain,T.S
_9931
245 _aUpkar's Bank Probationary Officers Management Trainees Common Written Exam
260 _aAgra- 2
_bUpkar Prakashan
_c2014
942 _cREF
999 _c14534
_d14534